History of the Punjab and of the rise, progress & present condition of the sect and nation of the Sikhs. (Record no. 553196)
[ view plain ]
| 000 -LEADER | |
|---|---|
| fixed length control field | 00589cam a2200181 4500 |
| 082 00 - DEWEY DECIMAL CLASSIFICATION NUMBER | |
| Classification number | 954.5 |
| Author Mark | HIS |
| 100 ## - MAIN ENTRY--PERSONAL NAME | |
| Personal name | ALLEN, WM |
| 9 (RLIN) | 50459 |
| 245 00 - TITLE STATEMENT | |
| Title | History of the Punjab and of the rise, progress & present condition of the sect and nation of the Sikhs. |
| 260 ## - PUBLICATION, DISTRIBUTION, ETC. | |
| Place of publication, distribution, etc. | LONDON |
| Name of publisher, distributor, etc. | Wm. H ALLEN AND CO |
| Date of publication, distribution, etc. | 1846 |
| 300 ## - PHYSICAL DESCRIPTION | |
| Extent | vXII, 395 P; |
| Dimensions | 20 cm. |
| 500 ## - GENERAL NOTE | |
| General note | First published in 1846. |
| 526 ## - STUDY PROGRAM INFORMATION NOTE | |
| Program name | 0 |
| Interest level | 0 |
| Reading level | 0 |
| Title point value | 954_500000000000000_HIS |
| 526 ## - STUDY PROGRAM INFORMATION NOTE | |
| Program name | 0 |
| Interest level | 0 |
| Reading level | 0 |
| Title point value | 954_500000000000000_HIS |
| 650 #0 - SUBJECT ADDED ENTRY--TOPICAL TERM | |
| Topical term or geographic name entry element | MCE |
| 9 (RLIN) | 379 |
| 650 #0 - SUBJECT ADDED ENTRY--TOPICAL TERM | |
| Topical term or geographic name entry element | Sikhs |
| General subdivision | History. |
| 9 (RLIN) | 50460 |
| 710 1# - ADDED ENTRY--CORPORATE NAME | |
| Corporate name or jurisdiction name as entry element | Punjab (India). |
| 9 (RLIN) | 1175 |
| 942 ## - ADDED ENTRY ELEMENTS (KOHA) | |
| Source of classification or shelving scheme | |
| Koha item type | Book |
| Withdrawn status | Lost status | Source of classification or shelving scheme | Damaged status | Not for loan | Permanent Location | Current Location | Shelving location | Date acquired | Total Checkouts | Full call number | Barcode | Date last seen | Price effective from | Koha item type |
|---|---|---|---|---|---|---|---|---|---|---|---|---|---|---|
| Military College of Engineering (MCE) | Military College of Engineering (MCE) | 02/02/2015 | 954.5 HIS | MCE-ECH/17.2 | 02/02/2015 | 02/02/2015 | Book | |||||||
| Military College of Engineering (MCE) | Military College of Engineering (MCE) | 02/02/2015 | 954.5 HIS | MCE-ECH.17.1 | 02/02/2015 | 02/02/2015 | Book |
